书目信息 |
| 题名: |
朝鲜近代爱国启蒙运动时期小说理论的革新与梁启超
|
|
| 作者: | 白玉陈 著 | |
| 分册: | ||
| 出版信息: | 北京 中央民族大学出版社 2013 |
|
| 页数: | 249页 | |
| 开本: | 21cm | |
| 丛书名: | 中央民族大学青年学者文库 | |
| 单 册: | ||
| 中图分类: | I312.064 , I206.6 | |
| 科图分类: | ||
| 主题词: | 小说研究--朝鲜--近代 | |
| 电子资源: | ||
| ISBN: | 978-7-5660-0600-4 | |
| 000 | 01137nam0 2200265 450 | |
| 001 | 0103130758 | |
| 005 | 20140808102544.0 | |
| 010 | @a978-7-5660-0600-4@dCNY28.00 | |
| 100 | @a20140416d2013 kemy0chiy0120 ea | |
| 101 | 0 | @achi |
| 102 | @aCN@b110000 | |
| 105 | @ay v 000yy | |
| 106 | @ar | |
| 200 | 1 | @a朝鲜近代爱国启蒙运动时期小说理论的革新与梁启超@9Chao;Zhao Xian Jin Dai Ai Guo Qi Meng Yun Dong Shi Qi;Ji Xiao Shuo;Yue;Shui Li Lun De;Di Ge;Ji Xin Yu Liang Qi Chao @f白玉陈著@b专著 |
| 210 | @a北京@c中央民族大学出版社@d2013 | |
| 215 | @a249页@d21cm | |
| 225 | 1 | @a中央民族大学青年学者文库 |
| 330 | @a本书采用比较文学的研究方法,把从朝鲜甲午改革后到沦为日本殖民地之前报纸杂志上刊载的有关言论以及小说作为主要考察对象,通过深入分析和研究,力求揭示出朝鲜近代小说观念变革的“路线图”,挖掘出梁启超小说理论与朝鲜近代小说理论革新之间的内在关联,阐明朝鲜近代小说理论的变革动力。 | |
| 600 | 0 | @a梁启超@f(1873-1929)@x文学研究 |
| 606 | 0 | @a小说研究@y朝鲜@z近代 |
| 690 | @aI312.064@v5 | |
| 690 | @aI206.6@v5 | |
| 701 | 0 | @a白玉陈@c(女,@f1979~)@4著@9bai yu chen |
| 801 | 0 | @aCN@bAZmarc@c20230901 |
| 905 | @aBZT@dI3@e10@f3@sI3/10 | |
| 朝鲜近代爱国启蒙运动时期小说理论的革新与梁启超/白玉陈著.-北京:中央民族大学出版社,2013 |
| 249页;21cm.-(中央民族大学青年学者文库) |
| ISBN 978-7-5660-0600-4:CNY28.00 |
| 本书采用比较文学的研究方法,把从朝鲜甲午改革后到沦为日本殖民地之前报纸杂志上刊载的有关言论以及小说作为主要考察对象,通过深入分析和研究,力求揭示出朝鲜近代小说观念变革的“路线图”,挖掘出梁启超小说理论与朝鲜近代小说理论革新之间的内在关联,阐明朝鲜近代小说理论的变革动力。 |
| ● |
| 相关链接 |
|
|
|
正题名:朝鲜近代爱国启蒙运动时期小说理论的革新与梁启超
索取号:I3/10
 
预约/预借
| 序号 | 登录号 | 条形码 | 馆藏地/架位号 | 状态 | 备注 |
| 1 | 2000009702 | 2000009702 | 旧书回溯/ [索取号:I3/10] | 在馆 | |
| 2 | 2000009703 | 2000009703 | 旧书回溯/ [索取号:I3/10] | 在馆 | |
| 3 | 2000009704 | 2000009704 | 旧书回溯/ [索取号:I3/10] | 在馆 |